Tour de France 2022 stage winners - Statistics

General Stats
  • This quiz has been taken 116 times
  • The average score is 16 of 21
Answer Stats
Stage Type Country Winner % Correct
6 Hilly Tadej Pogacar
99%
7 Medium mountain Tadej Pogacar
99%
17 Mountain Tadej Pogacar
99%
11 Mountain Jonas Vingegaard
97%
18 Mountain Jonas Vingegaard
97%
4 Hilly Wout van Aert
95%
8 Hilly Wout van Aert
95%
20 Individuel time trial Wout van Aert
95%
15 Flat Jasper Philipsen
85%
21 Flat Jasper Philipsen
85%
2 Flat Fabio Jakobsen
75%
12 Mountain Tom Pidcock
71%
3 Flat Dylan Groenewegen
69%
13 Flat Mads Pedersen
68%
1 Individuel time trial Yves Lampaert
67%
9 Mountain Bob Jungels
65%
10 Medium mountain Magnus Cort
56%
19 Flat Christophe Laporte
51%
16 Mountain Hugo Houle
48%
14 Medium mountain Michael Matthews
48%
5 Hilly Simon Clarke
24%
No matching quizzes found
Score Distribution
Percent of People with Each Score
Percentile by Number Answered
Your Score History
You have not taken this quiz